全国都道府県知事 - Statistics

General Stats
  • This quiz has been taken 5 times
  • The average score is 6 of 47
Answer Stats
都道府県 就任日 知事名 備考 % Correct
東京都 2016年8月2日 小池百合子
80%
北海道 2019年4月23日 鈴木直道
60%
大阪府 2019年4月8日 吉村洋文
60%
山形県 2009年2月14日 吉村美栄子
40%
岩手県 2007年4月30日 達増拓也
20%
群馬県 2019年7月28日 山本一太
20%
千葉県 2021年4月5日 熊谷俊人
20%
神奈川県 2011年4月23日 黒岩祐治
20%
石川県 2022年3月27日 馳浩
20%
山梨県 2019年2月17日 長崎幸太郎
20%
愛知県 2011年2月15日 大村秀章
20%
滋賀県 2014年7月20日 三日月大造
20%
奈良県 2023年5月3日 山下真
20%
和歌山県 (2022年12月17日) 岸本周平 現在欠員
20%
徳島県 2023年5月18日 後藤田正純
20%
愛媛県 2010年12月1日 中村時広
20%
福岡県 2021年4月14日 服部誠太郎
20%
長崎県 2022年3月2日 大石賢吾
20%
熊本県 2024年4月16日 木村敬
20%
大分県 2023年4月28日 佐藤樹一郎
20%
沖縄県 2018年10月4日 玉木康裕
20%
青森県 2023年6月29日 宮下宗一郎
0%
宮城県 2005年11月21日 村井嘉浩
0%
秋田県 2025年4月20日 鈴木健太
0%
福島県 2014年11月12日 内堀雅雄
0%
茨城県 2017年9月26日 大井川和彦
0%
栃木県 2004年12月9日 福田富一
0%
埼玉県 2019年8月31日 大野元裕
0%
新潟県 2018年6月12日 花角英世
0%
富山県 2020年11月9日 新田八朗
0%
福井県 2019年4月23日 杉本達治
0%
長野県 2010年9月1日 阿部守一
0%
岐阜県 2025年2月6日 江崎禎英
0%
静岡県 2024年5月28日 鈴木康友
0%
三重県 2021年9月14日[ 一見勝之
0%
京都府 2018年4月16日 西脇隆俊
0%
兵庫県 2021年8月1日 斎藤元彦
0%
鳥取県 2007年4月13日 平井伸治
0%
島根県 2019年4月30日 丸山達也
0%
岡山県 2012年11月12日 伊原木隆太
0%
広島県 2009年11月29日 湯崎英彦
0%
山口県 2014年2月25日 村岡嗣昌
0%
香川県 2022年9月5日 池田豊人
0%
高知県 2019年12月7日 浜田省司
0%
佐賀県 2015年1月14日 山口良智
0%
宮崎県 2011年1月21日 河野俊嗣
0%
鹿児島県 2020年7月28日 塩田康一
0%
No matching quizzes found
Score Distribution
Percent of People with Each Score
Percentile by Number Answered
Your Score History
You have not taken this quiz